| 000 | 00844nam a22001935i 4500 | ||
|---|---|---|---|
| 001 | 156171 | ||
| 003 | ES-MaACL | ||
| 005 | 20230906210334.0 | ||
| 008 | 040729s1873 sp |||| | spa d | ||
| 040 |
_aCAM _bspa _cCAM |
||
| 100 | 1 |
_aJackson Veyán, José. _965824 |
|
| 245 | 1 | 0 |
_aDispense usted _b: juguete cómico en un acto / _carreglado del francés por José Jackson Veyan. |
| 260 |
_aMadrid : _b[s.n.], _c1873 ( _fImprenta de José Rodriguez) |
||
| 300 |
_a27 p. ; _c20 cm. |
||
| 500 | _aRepresentado en el Teatro Romea, el día 23 de abril de 1873. | ||
| 596 | _aEn verso de port. consta: "... la Galería Dramática y Lírica, titulada El Teatro, de Don Alonso Gullón ..." | ||
| 650 | 4 |
_aTeatro español- _yS.XIX. _917346 |
|
| 852 |
_aES-MaACL _jF-4091(10) _z-- Enc. hol. _q-- Falto de la cub. original _z-- Enc. en un vol. facticio |
||
| 999 |
_c156171 _d156171 |
||